লোডিং...

RED BIOTECHNOLOGY

গ্রন্থ-পঞ্জীর বিবরন
প্রধান লেখক: MURRAY, DAVID CHRISTIE
বিন্যাস: Printed Book
প্রকাশিত: NEW DELHI DOMINANAT PUBLISHERS AND DISTRIBUTORS 2011
বিষয়গুলি:
LEADER 00496nam a2200193 4500
020
037
082 |a 615 MUR 
100 |a MURRAY, DAVID CHRISTIE 
245 |a RED BIOTECHNOLOGY  |h ENGLISH 
250
260 |a NEW DELHI  |b DOMINANAT PUBLISHERS AND DISTRIBUTORS  |c 2011 
300
500
590
650 |a RED BIOTECHNOLOGY 
942 |c BK 
999 |c 132699  |d 132699 
952 |0 0  |1 0  |4 0  |6 615_000000000000000_MUR  |7 0  |9 146159  |a BTY  |b BTY  |l 0  |o 615 MUR  |p BTY2204  |r 2019-10-24  |w 2019-10-24  |y BK